header

Damage mechanics of cementitious materials and structures (Record no. 67800)

MARC details
000 -LEADER
fixed length control field 01284nam a2200325 a 4500
082 04 - DEWEY DECIMAL CLASSIFICATION NUMBER
Classification number 620.1/36
245 00 - TITLE STATEMENT
Title Damage mechanics of cementitious materials and structures
260 ## - PUBLICATION, DISTRIBUTION, ETC. (IMPRINT)
Place of publication London :
Name of publisher ISTE ;
Place of publication Hoboken, N.J. :
Name of publisher Wiley,
Year of publication 2012.
300 ## - PHYSICAL DESCRIPTION
Number of Pages xiv, 255 p. :
Other physical details ill.
650 #0 - SUBJECT ADDED ENTRY--TOPICAL TERM
Topical Term Concrete
Topical Term Fracture mechanics.
700 1# - ADDED ENTRY--PERSONAL NAME
Personal name Pijaudier-Cabot, Gilles.
Personal name Dufour, Frederic.
856 40 - ELECTRONIC LOCATION AND ACCESS
Uniform Resource Identifier http://site.ebrary.com/lib/rucke/Doc?id=10660549

No items available.

© 2026 Rongo University
Contact us: librarian | system librarian | Rongo university